| 000 | 00976nac a22002651u 4500 | ||
|---|---|---|---|
| 003 | EG-ScBUE | ||
| 005 | 20221031120426.0 | ||
| 008 | 221031t1977 nyua f b 001 0 eng d | ||
| 020 | _a0442262485 | ||
| 040 |
_aEG-ScBUE _beng _erda _cEG-ScBUE _dEG-ScBUE |
||
| 082 | 0 | 4 |
_a721.02854 _bMIT _222 |
| 100 | 1 |
_aMitchell, William J. _q(William John), _d1944-2010, _eauthor. |
|
| 245 | 1 | 0 |
_aComputer-aided architectural design / _cWilliam J. Mitchell, School of Architecture and Urban Planing, University of California, Los Angeles. |
| 264 | 1 |
_aNew York : _bVan Nostrand Reinhold, _c[1977] |
|
| 264 | 4 | _cc1977 | |
| 300 |
_axiii, 573 pages : _billustrations ; _c25 cm |
||
| 336 |
_2rdacontent _atext _btxt |
||
| 337 |
_2rdamedia _aunmediated _bn |
||
| 338 |
_2rdacarrier _avolume _bnc |
||
| 504 | _aIncludes bibliographical references and index. | ||
| 650 | 7 |
_aArchitectural design _xData processing. _2BUEsh |
|
| 653 | _bENGARC | ||
| 655 | _vReading book | ||
| 942 |
_cBB _2ddc |
||
| 999 |
_c3886 _d3886 |
||